Central Library OPAC University of Rajshahi

The later philosophy of R. G. Collingwood / (Record no. 31636)

MARC details
000 -LEADER
fixed length control field 00623nam a22002171a 4500
001 - CONTROL NUMBER
control field 31636
003 - CONTROL NUMBER IDENTIFIER
rucl marc code BD-RjUL
005 - DATE AND TIME OF LATEST TRANSACTION
control field 20211209051729.0
008 - FIXED-LENGTH DATA ELEMENTS--GENERAL INFORMATION
fixed length control field 140421s1962 enk 00110 eng d
035 ## - SYSTEM CONTROL NUMBER
System control number (BD-RjUL)31724
040 ## - CATALOGING SOURCE
Original cataloging agency DLC
Language of cataloging eng
Transcribing agency DLC
Modifying agency BD-RjUL
041 ## - LANGUAGE CODE
Language code of text/sound track or separate title eng
082 ## - DEWEY DECIMAL CLASSIFICATION NUMBER
Classification number 192
Author mark and year DOL 1962
100 1# - MAIN ENTRY--PERSONAL NAME
Personal name Donagan, Alan.
9 (RLIN) 96273
245 14 - TITLE STATEMENT
Title The later philosophy of R. G. Collingwood /
Statement of responsibility, etc. by Alan Donogan.
260 ## - PUBLICATION, DISTRIBUTION, ETC. (IMPRINT)
Place of publication, distribution, etc. Oxford :
Name of publisher, distributor, etc. Clarendon Press,
Date of publication, distribution, etc. c1962.
300 ## - PHYSICAL DESCRIPTION
Pagination xi, 332p. ;
Size 23cm.
504 ## - BIBLIOGRAPHY, ETC. NOTE
Bibliography, etc Includes index.
600 10 - SUBJECT ADDED ENTRY--PERSONAL NAME
Personal name Collingwood, R. G.
Fuller form of name (Robin George),
Dates associated with a name 1889-1943.
942 ## - ADDED ENTRY ELEMENTS (KOHA)
Source of classification or shelving scheme Dewey Decimal Classification
Koha item type Books
Holdings
Lost status Source of classification or shelving scheme Damaged status Not for loan Collection code Permanent Location Current Location Shelving location Date acquired Source of acquisition Total Checkouts Full call number Date last seen Copy number Koha item type Cost, normal purchase price
  Dewey Decimal Classification     Non-fiction Central Library, University of Rajshahi Central Library, University of Rajshahi   10/02/1970 Zeitlinger   192 DOL 1962 21/04/2014 C-2 Books  
  Dewey Decimal Classification   Not For Loan Non-fiction Central Library, University of Rajshahi Central Library, University of Rajshahi Reading Room 13/07/1964 Zeitlinger   192 DOL 1962 21/04/2014 C-1 Books 42.00